• 首页
  • 本馆介绍
  • 公告通知
  • 最新文献
  • 馆藏检索
  • 电子资源
  • 读者导购
  • 参考咨询
  • 我的图书馆
  • 登录
  • 详细信息显示
  • 放入我的书架
  • 预约/预借图书
  • 作者相关作品
  • 分类相关作品
  • 丛书相关作品
  • 出版社相关作品

书目信息

  • 表格格式
  • 工作单格式
  • 卡片格式
题名:
穆斯堡尔效应及其应用
    
 
作者: 夏元复 编著
分册:  
出版信息: 北京   原子能出版社  1984
页数: 423页
开本: 21cm
丛书名:
单 册:
中图分类: O481.4
科图分类:
主题词: 穆斯堡尔效应
电子资源:
ISBN:
000 00650nam0 2200241 45
001 0184002376
005 20040706170720.6
010    @dCNY2.00
091    @aCN@b15175.515
100    @a19950426d1984 em y0chiy0121 ea
101 0  @achi
102    @aCN@b110000
105    @ay z 000yy
106    @ar
200 10 @a穆斯堡尔效应及其应用@Amu si bao er xiao ying ji qi ying yong@f夏元复等编著
210    @a北京@c原子能出版社@d1984
215    @a423页@d21cm
606    @a穆斯堡尔效应
690    @aO481.4@v3
701  0 @a夏元复@Axia yuan fu@4编著
801  0 @aCN@b上海图书馆@c20040706
801  2 @aCN@bNLC@c20040706
905    @f1@b139599@dO481.4@e21
    
    穆斯堡尔效应及其应用/夏元复等编著.-北京:原子能出版社,1984
    423页;21cm
    
    
    ISBN :CNY2.00
    
●
相关链接 在E读中查询图书 在五车中查询图书 在当当中查询图书 在豆瓣中查询图书


正题名:穆斯堡尔效应及其应用     索取号:O481.4/21         预约/预借

序号 登录号 条形码 馆藏地/架位号 状态 备注
1 0139599   001954077   第三借阅区/ [索取号:O481.4/21] 在馆    
2 0139600   202121300   第二样本阅览室/ [索取号:O481.4/21] 在馆    
唐山师范学院图书馆 欢迎您!
大连网信软件有限公司© 版权所有